000 00527nam a2200181Ia 4500
008 240729s9999 xx 000 0 und d
022 _a2772-8269
245 0 _aSustainable Chemistry for Climate Action
260 _aNetherlands
260 _bElsevier
650 _a Chemistry | Technology
650 _a Environmental protection
650 _a Environmental technology. Sanitary engineering
650 _aScience
856 _uhttps://doaj.org/toc/d9fedaf7d4844860811e890b9ec18019
942 _2ddc
942 _cDOAJEJ
999 _c69724
_d69724
945 _a1
_bMadushi Gamage
_c1
_dMadushi Gamage